L'histoire de l'art - Statistiques

Statistiques générales
  • Ce quiz a été pris 393 fois
  • Le résultat moyen est 3 sur 7
Statistiques - réponses
Question Réponse % Correct
Peintre baroque, il est surtout connu pour son usage systématique de la technique du clair-obscur, mais il n'en est pas l'inventeur. (ci-contre : Le Reniement de saint Pierre) Michelangelo Merisi da Caravaggio, dit Le Caravage
88%
Le tableau de Rembrandt "La Compagnie de miliciens du capitaine Frans Banning Cocq et du lieutenant Willem van Ruytenburgh" peint en 1642 a été rebaptisé au 19ème siècle. Quel est son nom ? La Ronde de nuit
68%
Quel peintre du 17ème siècle peint des bougies vacillantes dans ses tableaux pour donner un bel effet de clair-obscur ? (ci-contre : Le Nouveau-Né) Georges de La Tour
63%
Quel peintre américain ajoutait son emblème à sa signature, un papillon avec un dard ? James Whistler
37%
Michel-Ange est considéré comme étant le «père de la Renaissance artistique». Mais c'est l'influence de l'oeuvre d'un autre grand peintre italien qui serait à l'origine de ce style. De qui s'agit-il ? Giotto di Bondone
33%
Peintre académique influent, il voit d'un mauvais oeil l'arrivée des Impressionnistes à qui il ferme les portes du Salon. Zola le critiqua largement. De qui s'agit-il ? (ci-contre : Le Premier Deuil) William Bouguereau
26%
Le régime nazi confisque ses tableaux, en détruit certains et lui interdit de peindre. Il fait des aquarelles qu'il nomme «mes tableaux non-peints». De qui s'agit-il ? (ci-contre : Trois Chanteurs) Emil Nolde
13%
Aucun quiz correspondant
Distribution des résultats
% des personnes avec chaque résultat
Percentile par nombre de réponses
Votre historique - résultats
Vous n’avez pas pris ce quiz